Catálogo
 En Linea

La hacienda de la inquisición : (Registro nro. 5353)

Detalles MARC
000 -CABECERA
campo de control de longitud fija 01740nam a2200313 a 4500
001 - NÚMERO DE CONTROL
campo de control 000005554
005 - FECHA Y HORA DE LA ÚLTIMA TRANSACCIÓN
campo de control 20200929151718.0
008 - DATOS DE LONGITUD FIJA--INFORMACIÓN GENERAL
campo de control de longitud fija 090820t1984 sp ad 001 0 spa d
020 ## - NÚMERO INTERNACIONAL ESTÁNDAR DEL LIBRO
Número Internacional Estándar del Libro 8400057090
040 ## - FUENTE DE LA CATALOGACIÓN
Centro catalogador/agencia de origen DO-SdBNP
082 ## - NÚMERO DE LA CLASIFICACIÓN DECIMAL DEWEY
Número de clasificación 972.2046
Número de documento/Ítem M385h
049 ## - FONDOS LOCALES (OCLC)
Fondos de biblioteca BNPD
100 1# - ENTRADA PRINCIPAL--NOMBRE DE PERSONA
Nombre de persona Martínez Millán, José
9 (RLIN) 15685
245 13 - MENCIÓN DE TÍTULO
Título La hacienda de la inquisición :
Resto del título (1478-1700) /
Mención de responsabilidad, etc. José Martínez Millán ; prólogo J. Pérez Villanueva.
260 ## - PUBLICACIÓN, DISTRIBUCIÓN, ETC.
Lugar de publicación, distribución, etc. Madrid, :
Nombre del editor, distribuidor, etc. Consejo Superior de Investigaciones Científicas,
Fecha de publicación, distribución, etc. 1984.
300 ## - DESCRIPCIÓN FÍSICA
Extensión 404 p. :
Otras características físicas il., tablas.
490 1# - MENCIÓN DE SERIE
Mención de serie Monografías de Historia Eclesiástica
Designación de volumen o secuencia 14
504 ## - NOTA DE BIBLIOGRAFÍA, ETC.
Nota de bibliografía, etc. Incluye bibliografía y notas al pie de páginas.
504 ## - NOTA DE BIBLIOGRAFÍA, ETC.
Nota de bibliografía, etc. Bibliografía : p.385-398.
505 0# - NOTA DE CONTENIDO CON FORMATO
Información miscelánea Prólogo /
Mención de responsabilidad Joaquín Pérez Villanueva --
Título Introducción --
-- La evolución de la institución inquisitorial (1478-1700) --
Información miscelánea Las fuentes de ingresos inquisitoriales :
Título Las confiscaciones --
-- Juros y censos --
-- Las canonjias --
-- Depositaria de pretendientes --
-- Otros ingresos inquisitoriales --
-- Privilegios y franquisias de los oficiales inquisitoriales --
Información miscelánea Los gastos de la burocracia inquisitorial :
Título Oficios y salarios --
-- Gastos ordinarios y extraordinarios --
Información miscelánea Apéndices --
-- Documentación --
-- Indices de nombres y materias.
650 #4 - PUNTO DE ACCESO ADICIONAL DE MATERIA--TÉRMINO DE MATERIA
Término de materia o nombre geográfico como elemento de entrada Inquisición
Subdivisión cronológica ESPAÑA
Subdivisión general Historia
9 (RLIN) 15686
650 #4 - PUNTO DE ACCESO ADICIONAL DE MATERIA--TÉRMINO DE MATERIA
Término de materia o nombre geográfico como elemento de entrada Inquisición
Subdivisión general Aspectos económicos
Subdivisión cronológica ESPAÑA
9 (RLIN) 15687
650 #4 - PUNTO DE ACCESO ADICIONAL DE MATERIA--TÉRMINO DE MATERIA
Término de materia o nombre geográfico como elemento de entrada Persecuciones religiosas
Subdivisión cronológica ESPAÑA
9 (RLIN) 15688
650 #4 - PUNTO DE ACCESO ADICIONAL DE MATERIA--TÉRMINO DE MATERIA
Término de materia o nombre geográfico como elemento de entrada Iglesia católica
Subdivisión cronológica ESPAÑA
Subdivisión general Historia
9 (RLIN) 15689
651 #4 - PUNTO DE ACCESO ADICIONAL DE MATERIA--NOMBRE GEOGRÁFICO
Nombre geográfico España
Subdivisión general Historia Eclesiástica
9 (RLIN) 15690
700 1# - PUNTO DE ACCESO ADICIONAL--NOMBRE DE PERSONA
Nombre de persona Pérez Villanueva, Joaquín,
Término indicativo de función/relación pról.
9 (RLIN) 15691
830 #0 - PUNTO DE ACCESO ADICIONAL DE SERIE-TÍTULO UNIFORME
Título uniforme Monografías de historia eclesiástica
Designación de volumen o secuencia 14
9 (RLIN) 15692
910 ## - DATOS DE OPCIÓN DEL USUARIO (OCLC)
Datos de opción del usuario Validado. Control de calidad EMS.
Existencias
Estado de retiro Estado de pérdida Restricciones de uso No para préstamo Código de colección Localización permanente Ubicación/localización actual Ubicación en estantería Fecha de adquisición Número de inventario Total de préstamos Signatura topográfica completa Código de barras Fecha visto por última vez Precio válido a partir de Tipo de ítem Koha
      Excluido de préstamo Monografías: Libros y Folletos General General Depósito 20.08.2009 LF1   972.2046 M385h 5554-10 25.06.2020 25.06.2020 No se presta

Con tecnología Koha